|
|
|
|
| LEADER |
03937nam a2200469 a 4500 |
| 001 |
EBC429560 |
| 003 |
MiAaPQ |
| 005 |
20200520144314.0 |
| 006 |
m o d | |
| 007 |
cr cn||||||||| |
| 008 |
061013s2007 enk sb 001 0 eng |
| 010 |
|
|
|z 2006034019
|
| 015 |
|
|
|a GBA6A0510
|2 bnb
|
| 016 |
7 |
|
|z 013613113
|2 Uk
|
| 020 |
|
|
|z 9780754640462 (alk. paper)
|
| 020 |
|
|
|z 0754640469 (alk. paper)
|
| 035 |
|
|
|a (MiAaPQ)EBC429560
|
| 035 |
|
|
|a (Au-PeEL)EBL429560
|
| 035 |
|
|
|a (CaPaEBR)ebr10211014
|
| 035 |
|
|
|a (CaONFJC)MIL922823
|
| 035 |
|
|
|a (OCoLC)476276898
|
| 040 |
|
|
|a MiAaPQ
|c MiAaPQ
|d MiAaPQ
|
| 050 |
|
4 |
|a JZ1318
|b .C687 2007
|
| 082 |
0 |
4 |
|a 351
|2 22
|
| 245 |
0 |
0 |
|a Corporate, public and global governance
|h [electronic resource] :
|b the G8 contribution /
|c edited by Michele Fratianni, Paolo Savona, John J. Kirton.
|
| 260 |
|
|
|a Aldershot, England ;
|a Burlington, VT :
|b Ashgate,
|c c2007.
|
| 300 |
|
|
|a xxvii, 304 p.
|
| 490 |
1 |
|
|a Global finance series
|
| 504 |
|
|
|a Includes bibliographical references (p. [275]-288) and index.
|
| 505 |
0 |
|
|a Governance amid globalisation : corporations, governments, and the G8 / Michele Fratianni, Paolo Savona, and John J. Kirton -- Globalisation's challenges for governance -- The needs and challenges of global governance / Olivier Giscard d'Estaing -- Globalisation, governance and the G8 summit / Seiichi Kondo -- Cracks in the concrete : the global order under threat of collapse / Kimon Valaskakis -- Corporate governance -- Corporate governance in the twenty-first century / Donald J.S. Brean and Christopher Kobrak -- Regional multinationals and regional trade policy : the end of multilateralism / Alan M. Rugman -- The growth of population and technological innovation in the new order / Paolo Savona -- Public governance -- Toward accountability? the G8, the World Trade Organization and global governance / Heidi K. Ullrich -- Governance and conflicts of interest in international financial institutions / Michele Fratianni and John C. Pattison -- The governance of globalisation -- Where do we stand with global governance? / Pierre Jacquet -- Governing globalisation : the social and sustainability institutions / Pierre Marc Johnson -- The G8 contribution -- G8 process and performance : past, present, and future / Nicholas Bayne -- Commitments kept or promises broken? assessing G8 compliance at Kananaskis 2002 / Ella Kokotsis -- Coming together : the Evian legacy / John J. Kirton and Victoria V. Panova -- Documentary appendices -- A. Statement of the G7 finance ministers and central bank governors, Paris, 23 February 2003 -- B. Statement of the G7 finance ministers and central bank governors, Washington DC, 12 April 2003 -- C. G8 finance ministers statement, Deauville, France, 17 May 2003 -- D. G8 declaration : fostering growth and promoting a responsible market economy, Evian, 2 June 2003 -- E. Fighting corruption and improving transparency : a G8 declaration, Evian, 2 June 2003 -- F. Science and technology for sustainable development : a G8 action plan, Evian, 2 June 2003 -- G. Chair's summary, Evian, 3 June 2003 -- H. Statement of the G7 finance ministers and central bank governors, Dubai, 20 September 2003 -- I. G20 finance ministers and central bank governors communique, Morelia, Mexico, 26-27 October 2003.
|
| 533 |
|
|
|a Electronic reproduction. Ann Arbor, MI : ProQuest, 2015. Available via World Wide Web. Access may be limited to ProQuest affiliated libraries.
|
| 610 |
2 |
0 |
|a Group of Eight (Organization)
|
| 650 |
|
0 |
|a International organization.
|
| 650 |
|
0 |
|a Public administration.
|
| 650 |
|
0 |
|a Corporate governance.
|
| 655 |
|
4 |
|a Electronic books.
|
| 700 |
1 |
|
|a Fratianni, Michele.
|
| 700 |
1 |
|
|a Savona, Paolo,
|d 1936-
|
| 700 |
1 |
|
|a Kirton, John J.
|
| 710 |
2 |
|
|a ProQuest (Firm)
|
| 830 |
|
0 |
|a Global finance series.
|
| 856 |
4 |
0 |
|u https://ebookcentral.proquest.com/lib/matrademy/detail.action?docID=429560
|z Click to View
|